Online Catalogue and eLibrary

Virivum alamum tedi (Record no. 4146)

MARC details
000 -LEADER
fixed length control field 00378nam a2200157Ia 4500
005 - DATE AND TIME OF LATEST TRANSACTION
control field 20250325044955.0
008 - FIXED-LENGTH DATA ELEMENTS--GENERAL INFORMATION
fixed length control field 240331s9999 xx 000 0 und d
020 ## - INTERNATIONAL STANDARD BOOK NUMBER
ISBN 8190080148
082 ## - DDC Classification
Item Number - Author Mark RAM
Class No. 894
100 ## - MAIN ENTRY--PERSONAL NAME
Personal name Ramaswamy, S
245 #0 - TITLE STATEMENT
Title Virivum alamum tedi
260 ## - PUBLICATION, DISTRIBUTION, ETC.
Place of publication, distribution, etc. Nagercoil
Name of publisher, distributor, etc. Kalachuvadu Pathippagam
Date of publication, distribution, etc. 1998
300 ## - PHYSICAL DESCRIPTION
Extent (e.g. Volumes, Pages etc.) 303 p .,
650 ## - SUBJECT ADDED ENTRY--TOPICAL TERM
Topical term or geographic name entry element Criticism
942 ## - Koha item type (Biblio)
Koha item type Books in Stacks (Lending)
Holdings
Lost status Damaged status Collection code Home library Current library Shelving location Date acquired Full call number Accession Number Item type
    Lending WERC Library WERC Library Social Science Cupboard 03/31/2024 894.811 RAM 2935 Books in Stacks (Lending)

© WERC Library